000 00511nam a2200181 a 4500
005 20140412111300.0
008 001113s19uu xx 00 eng d
020 _a1-56107-672-4
050 _aTR(GS 513.1
_bCOO771 1995
100 _aCook, Marcy
245 _aArithmetwists, grade 2. /
_cMarcy Cook.
250 _aTeacher's Edition
260 _aMountain View, CA :
_bCreative Publ,
_c1995.
300 _a40 p. ; ill.
440 _aMathland
650 _aArithmetic -- Study and teaching
999 _c103373
_d103373